سیرت حضرت عائشہ (Record no. 328819)

000 -LEADER
fixed length control field nam a22 7a 4500
003 - CONTROL NUMBER IDENTIFIER
control field Nust
005 - DATE AND TIME OF LATEST TRANSACTION
control field 20170417142139.0
008 - FIXED-LENGTH DATA ELEMENTS--GENERAL INFORMATION
fixed length control field 170417b xxu||||| |||| 00| 0 eng d
040 ## - CATALOGING SOURCE
Transcribing agency DLC
082 ## - DEWEY DECIMAL CLASSIFICATION NUMBER
Classification number 297.64 NAD
100 ## - MAIN ENTRY--PERSONAL NAME
Personal name ندوی،علامہ سیدسلیمان
245 ## - TITLE STATEMENT
Title سیرت حضرت عائشہ
260 ## - PUBLICATION, DISTRIBUTION, ETC.
Place of publication, distribution, etc. LAhore :
Name of publisher, distributor, etc. Seventh star publication,
300 ## - PHYSICAL DESCRIPTION
Extent 329p. :
942 ## - ADDED ENTRY ELEMENTS (KOHA)
Source of classification or shelving scheme
Koha item type Book
Holdings
Withdrawn status Lost status Source of classification or shelving scheme Damaged status Not for loan Permanent Location Current Location Date acquired Total Checkouts Full call number Barcode Checked out Date last seen Date last checked out Price effective from Koha item type
          School of Civil and Environmental Engineering (SCEE) School of Civil and Environmental Engineering (SCEE) 04/17/2017 1 297.64 NAD NIT-7443 01/01/2025 12/17/2024 12/17/2024 04/17/2017 Book
© 2023 Central Library, National University of Sciences and Technology. All Rights Reserved.